Gestión pública y desarrollo social en los noventa (Registro nro. 7869)

Detalles MARC
000 -LEADER
fixed length control field 01147 a2200217 4500
001 - CONTROL NUMBER
control field 62922
005 - DATE AND TIME OF LATEST TRANSACTION
control field 20260407155923.0
008 - FIXED-LENGTH DATA ELEMENTS--GENERAL INFORMATION
fixed length control field 260407a2001 arg spa d
003 - CONTROL NUMBER IDENTIFIER
control field AR-UNSa-BCEJYS
040 ## - CATALOGING SOURCE
Original cataloging agency AR-UNSa-BCEJYS
Language of cataloging spa
Transcribing agency AR-UNSa-BCEJYS
080 ## - UNIVERSAL DECIMAL CLASSIFICATION NUMBER
Universal Decimal Classification number 304.4
Common auxiliary subdivision Aspectos generales de las políticas y prácticas sociales y culturales (política social)
020 ## - INTERNATIONAL STANDARD BOOK NUMBER
International Standard Book Number 978-950-9217-20-1
041 ## - LANGUAGE CODE
Language code of text/sound track or separate title spa
100 1# - MAIN ENTRY--PERSONAL NAME
Personal name Repetto, Fabián
245 10 - TITLE STATEMENT
Title Gestión pública y desarrollo social en los noventa
Name of part/section of a work Las trayectorias de Argentina y Chile
264 #1 - PRODUCTION, PUBLICATION, DISTRIBUTION, MANUFACTURE, AND COPYRIGHT NOTICE
Place of production, publication, distribution, manufacture Buenos Aires :
Name of producer, publisher, distributor, manufacturer Prometeo Libros
Date of production, publication, distribution, manufacture, or copyright notice 2001
300 ## - PHYSICAL DESCRIPTION
Extent 334 p.
Dimensions 20 cm.
505 ## - FORMATTED CONTENTS NOTE
Formatted contents note 1. Hacia un enfoque político-institucional para el análisis de la gestión pública - 2. Dinámica política y cambios socioeconómicos en Argentina – 3. Reformas estructurales y políticas públicas: similitudes y diferencias entre Argentina y Chile – 4. Argentina en los noventa: límites y problemas para enfrentar la pobreza – 5. Chile en los noventa: el difícil avance hacia una apropiada política frente a la pobreza -
590 ## - LOCAL NOTE (RLIN)
Local note niveau_biblio:m niveau_hierar:0
942 ## - ADDED ENTRY ELEMENTS (KOHA)
Koha item type
Existencias
Withdrawn status Lost status Damaged status Not for loan Home library Current library Shelving location Date acquired Total checkouts Full call number Barcode Date last seen Price effective from Koha item type
        Biblioteca Prof. Eusebio Cleto del Rey Biblioteca Prof. Eusebio Cleto del Rey   07/04/2026   304.4 R425 L116196 07/04/2026 07/04/2026 Libro